Представление документа в формате MARC21

Поле Инд. ПП Название Значение
Тип записи a
Библиографический уровень m
001 Контрольный номер UNIDUBNAbd1c5386340541c1a006b36d706725e8
005 Дата корректировки 20260330160119.6
008 Кодируемые данные 20260312
022 0_ a ISSN 0321-1878
084 a Индекс другой классификации/Индекс ББК 84(2=411.2)6; 84(7США=411.2)6; 83.3(2=411.2)6; 83.3(2=411.2)5; 63.51(2); 88.252.1
090 a Полочн. индекс 95.2
x Авторский знак З-43
099 a Индекс 42215
245 10 a Заглавие Звезда
n Номер части/ раздела №1/2026
b Продолж. заглавия ежемесячный литературно-художественный и общественно-политический независимый журнал
c Ответственность учредитель: ООО "Журнал "Звезда""; гл. ред. А. Ю. Арьев
260 c Дата издания 2026
b Издательство Звезда
a Место издания Санкт-Петербург
300 a Объем 288 с.
500 a Примечание Журнал
505 0_ a Форматированное содержание Стихи
b Автор Кушнер А.
505 0_ a Форматированное содержание Бюстик
b Автор Шапиро М.
n Доп. информация Повесть
505 0_ a Форматированное содержание Стихи
b Автор Алейников В.
505 0_ a Форматированное содержание Откуда дует ветер
b Автор Затонская М.
n Доп. информация Рассказ
505 0_ a Форматированное содержание Стихи
b Автор Окунь М.
505 0_ a Форматированное содержание Кинг папочку любит
b Автор Заборцева В.
n Доп. информация Рассказ
505 0_ a Форматированное содержание Кто-то считает вагоны
b Автор Заборцева В.
n Доп. информация Рассказ
505 0_ a Форматированное содержание Стихи
b Автор Медведева Ю.
505 0_ a Форматированное содержание Что Вы думаете о Толстом?
b Автор Багно В. Е.
b Автор Вахтин Н. Б.
b Автор Елисеев Н. Л.
b Автор Кибальник С. А.
b Автор Крыщук Н. П.
b Автор Кураев М. Н.
b Автор Лавров А. В.
b Автор Невзглядова Е. В.
b Автор Нежный А. И.
b Автор Панова Л. Г.
b Автор Попов В. Г.
b Автор Пурин А. А.
b Автор Рогинский Б. А.
b Автор Смирнов И. П.
b Автор Стратановский С. Г.
505 0_ a Форматированное содержание Письма Риты Рейт-Ковалевой к Светлане Ельницкой
b Автор Ельницкая С.
505 0_ a Форматированное содержание Темник Ногай в южнорусскмх степях
b Автор Митрофанов А.
505 0_ a Форматированное содержание Знание и понимание
b Автор Яржембовский С.
505 0_ a Форматированное содержание Памяти Акакия Акакиевича (поиски антигероя)
b Автор Арьев А.
505 0_ a Форматированное содержание "Только этого мало" и другие филологические виньетки
b Автор Жолковский А.
505 0_ a Форматированное содержание Обида
b Автор Невзглядова Е.
505 0_ a Форматированное содержание Татьяна Горичева - человек и мыслитель (12.08.1947 - 23.09.2025)
b Автор Кузнецов П.
505 0_ a Форматированное содержание К друзьям но Новый год
b Автор Веневитинов Д. В.
n Доп. информация Стихотворение
600 14 a Персоналии Баршев Николай Валерианович
a Персоналии Битов Андрей Георгиевич
a Персоналии Вахтин Борис Борисович
a Персоналии Вольф Сергей Евгеньевич
a Персоналии Гоголь Николай Васильевич
a Персоналии Горичева Татьяна Михайловна
a Персоналии Грачев Рида Иосифович
a Персоналии Губин Владимир Андреевич
a Персоналии Добычин Леонид Иванович
a Персоналии Достоевский Федор Михайлович
a Персоналии Ефимов Игорь Маркович
a Персоналии Кураев Михаил Николаевич
a Персоналии Марамзин Владимир Рафаилович
a Персоналии Ногай
a Персоналии Попов Валерий Георгиевич
a Персоналии Пушкин Александр Сергеевич
a Персоналии Райт -Ковалева Рита Яковлевна
a Персоналии Толстой Лев Николаевич
650 04 a Основная рубрика литературоведение
a Основная рубрика художественная литература
653 0_ a Ключевые слова "маленький человек"
a Ключевые слова "Мертвые души"
a Ключевые слова "Шинель"
a Ключевые слова XIII век
a Ключевые слова XIX век
a Ключевые слова XX век
a Ключевые слова XXI век
a Ключевые слова американская литература
a Ключевые слова анализ текста
a Ключевые слова антигерой
a Ключевые слова знание
a Ключевые слова Золотая Орда
a Ключевые слова историческая этнология (историческая этнография)
a Ключевые слова исторические науки
a Ключевые слова литературная критика
a Ключевые слова монголо-татарские завоевания
a Ключевые слова монголо-татарское нашествие
a Ключевые слова обида
a Ключевые слова образ героя
a Ключевые слова писатели
a Ключевые слова познание
a Ключевые слова понимание
a Ключевые слова популяризация науки
a Ключевые слова русская литература
a Ключевые слова Русь
a Ключевые слова текст
655 a Жанр/ форма (устаревшее) письма
a Жанр/ форма (устаревшее) повесть
a Жанр/ форма (устаревшее) поэзия
a Жанр/ форма (устаревшее) проза
a Жанр/ форма (устаревшее) рассказ
a Жанр/ форма (устаревшее) стихотворение
a Жанр/ форма (устаревшее) эссе
700 12 a Автор Кушнер А.
q Полное имя Кушнер Александр Семенович
700 12 a Автор Шапиро М.
q Полное имя Шапиро Макс
700 12 a Автор Алейников В.
q Полное имя Алейников Владимир Дмитриевич
700 12 a Автор Затонская М.
q Полное имя Затонская Мария Романовна
700 12 a Автор Окунь М.
q Полное имя Окунь Михаил Евсеевич
700 12 a Автор Заборцева В.
q Полное имя Заборцева Варвара Ильинична
700 12 a Автор Медведева Ю.
q Полное имя Медведева Юлия Евгеньевна
700 12 a Автор Ефимов М.
e Роль лиц автор вопросов; автор вступительной заметки
q Полное имя Ефимов Михаил Витальевич
700 12 a Автор Багно В. Е.
q Полное имя Багно Всеволод Евгеньевич
700 12 a Автор Вахтин Н. Б.
q Полное имя Вахтин Николай Борисович
700 12 a Автор Елисеев Н. Л.
q Полное имя Елисеев Никита Львович
700 12 a Автор Кибальник С. А.
q Полное имя Кибальник Сергей Акимович
700 12 a Автор Крыщук Н. П.
q Полное имя Крыщук Николай Прохорович
700 12 a Автор Кураев М. Н.
q Полное имя Кураев Михаил Николаевич
700 12 a Автор Лавров А. В.
q Полное имя Лавров Александр Васильевич
700 12 a Автор Невзглядова Е. В.
q Полное имя Невзглядова Елена Всеволодовна
700 12 a Автор Нежный А. И.
q Полное имя Нежный Александр Иосифович
700 12 a Автор Панова Л. Г.
q Полное имя Панова Лада Геннадьевна
700 12 a Автор Попов В. Г.
q Полное имя Попов Валерий Георгиевич
700 12 a Автор Пурин А. А.
q Полное имя Пурин Алексей Арнольдович
700 12 a Автор Рогинский Б. А.
q Полное имя Рогинский Борис Арсеньевич
700 12 a Автор Смирнов И. П.
q Полное имя Смирнов Игорь Павлович
700 12 a Автор Стратановский С. Г.
q Полное имя Стратановский Сергей Георгиевич
700 12 a Автор Ельницкая С.
q Полное имя Ельницкая Светлана Ивановна
e Роль лиц автор публикации; автор вступительной заметки
700 12 a Автор Митрофанов А.
q Полное имя Митрофанов Андрей Юрьевич
700 12 a Автор Яржембовский С.
q Полное имя Яржембовский Станислав Юрьевич
700 12 a Автор Арьев А.
q Полное имя Арьев Андрей Юрьевич
700 12 a Автор Жолковский А.
q Полное имя Жолковский Александр Константинович
700 12 a Автор Кузнецов П.
q Полное имя Кузнецов Павел Вениаминович
700 1_ a Автор Веневитинов Д. В.
q Полное имя Веневитинов Дмитрий Владимирович
773 18 w Контрольный № источника RU/IS/BASE/408119542
900 a Имя электронного ресурса obl_zvezda_1_2026
x Справочная информация Обложка
901 t Тип документа s
952 a Тип литературы для КСУ ВШ ЛХЖ
991 s 6